01186 2200337 4500001002100000005001500021035002000036007000300056020002200059040001200081082001400093084001600107090002000123090002200143090001900165100004200184245007200226250002700298260004400325300003500369650001800404850001200422041000800434504003200442710002900474008004100503520024000544999002200784990002200806990002000828INLIS00000000003574320191217085511 a0010-0618000139ta a978-602-1648-77-3 aYOPDYOG04223a808.8 a808.8 SUW p aDEP 808.8 SUW p aCB-D.11 2013-2750 aPK 808.8 SUW p0 aSuwarna Pringgawidagdad1988ePenulis10aPranata adicara /cSuwarna Pringgawidagda; penyunting, Tim Penerbit aCetakan November, 2013 aYogyakarta :bAdicita Karya Nusa,c2013 ax, 24 halaman :bfoto ;c20 cm 4aPembawa acara aYOPDYOG0 aind aBibliografi: halaman. 23-242 aTim Penerbitepenyunting180606s ind  aBuku ini membahas segala hal tentang pranata adicara yang dilengkapi dasar-dasar pengertian dan kiat-kiat suksesnya. Selain itu, buku ini berisi petunjuk praktis menjadi pranata adicara andal dari seseorang yang pengalaman di bidangnya aCB-D.11/2013-2750 aCB-D.11/2013-2750 a63952-PD/A.2019